A History of Movies Quiz Stats

 Plays Quiz Updated Sep 13, 2013

Score 0/43 Timer 07:00
3 Plays Today
% Correct
2012
62.6%
1977
54.7%
1997
53.6%
1994
53.5%
2010
50.8%
1985
48.9%
1999
47.2%
2009
46.9%
1993
46.5%
1989
45.1%
1991
45.1%
1998
44%
1995
42.7%
1990
42.7%
1979
41.8%
1996
40.9%
1992
40.8%
2008
40.8%
1978
40.6%
2001
40.6%
1986
40.2%
2011
39.9%
% Correct
1970
39.7%
1972
39.3%
1984
39.2%
2007
38.8%
1976
38.5%
1975
37.8%
1982
37.6%
1981
36.6%
1988
36.2%
1980
35.8%
2003
35.5%
1974
34.9%
2002
34.8%
2005
34.6%
2000
34.1%
2006
33.5%
2004
32.6%
1983
32.2%
1987
31.4%
1973
30.7%
1971
29.2%

You're not logged in!

Compare scores with friends on all Sporcle quizzes.
OR
Log In

Show Comments

Extras

Top Quizzes Today


Score Distribution

Your Account Isn't Verified!

In order to create a playlist on Sporcle, you need to verify the email address you used during registration. Go to your Sporcle Settings to finish the process.

Report this User

Report this user for behavior that violates our Community Guidelines.

Details: